00556nam a2200133 a 4500008004100000050002800041110006000069245015000129260003800279300002000317350000900337500004400346650003200390150505s1983 ||||||||||||||||| || u aGOV.ZAM(05)DPD/1983/62B aGovernment of the Republic of Zambia. National Assembly10aRepublic of Zambia. Daily parliamentary debates, official verbatim report of the debates of the fifth session... (1983)cBy the National Assembly aLusaka:bGovernment Printerc1983 avarious pagings a0.00 aLIBRARY HOLDINGS:1983,January-February. aDAILY PARLIAMENTARY DEBATES